| 000 | 00868na a2200277 4500 | ||
|---|---|---|---|
| 001 | 19437 | ||
| 003 | MIRAKIL | ||
| 005 | 20181213155000.0 | ||
| 008 | 161214b tu 000 0 | ||
| 020 | _a9786053604129 | ||
| 040 |
_aMilas _btur _cTR-AnCHP |
||
| 041 | _atur | ||
| 082 |
_a345.077092 _bY91d 2011 |
||
| 090 | _a345.077092 Y91d 2011 | ||
| 100 | _aYücel, Hasan Ali | ||
| 245 |
_aDavalar ve neticeleri _cHasan Ali Yücel; editör Ali Alkan İnal |
||
| 260 |
_aİstanbul _bTürkiye İş Bankası Kültür Yayınları _c2011 |
||
| 300 |
_a286 s. _c24 sm. |
||
| 490 |
_aTürkiye İş Bankası Kültür Yayınları Genel Yayın _v2373 |
||
| 504 | _aDizin var. | ||
| 600 |
_aYücel, Hasan Ali _d1897-1961 _xDavalar |
||
| 610 |
_aMilli Eğitim Bakanlığı _xDavalar |
||
| 650 |
_aDava sonuçları _xTarih |
||
| 700 | _aİnal, Ali Alkan | ||
| 942 |
_2ddc _cBKS |
||
| 999 |
_c4287 _d4287 |
||